header

Adaptive genetic variation in the wild (Record no. 90504)

MARC details
000 -LEADER
fixed length control field 01250nam a2200325Ia 4500
082 04 - DEWEY DECIMAL CLASSIFICATION NUMBER
Classification number 576.5/4
245 00 - TITLE STATEMENT
Title Adaptive genetic variation in the wild
260 ## - PUBLICATION, DISTRIBUTION, ETC. (IMPRINT)
Place of publication New York :
Name of publisher Oxford University Press,
Year of publication 2000.
300 ## - PHYSICAL DESCRIPTION
Number of Pages x, 265 p. :
Other physical details ill.
650 #0 - SUBJECT ADDED ENTRY--TOPICAL TERM
Topical Term Population genetics.
Topical Term Variation (Biology)
700 1# - ADDED ENTRY--PERSONAL NAME
Personal name Endler, John A.,
Personal name Mousseau, Timothy A.
Personal name Sinervo, Barry.
856 40 - ELECTRONIC LOCATION AND ACCESS
Uniform Resource Identifier http://site.ebrary.com/lib/rucke/Doc?id=10142051

No items available.

© 2026 Rongo University
Contact us: librarian | system librarian | Rongo university